|
|
|
|
| LEADER |
00000cas a2200000 a 4500 |
| 003 |
Ucuenca |
| 005 |
20231120140348.0 |
| 008 |
005012|1989 mx |||||r|||||||||||spa|| |
| 022 |
|
|
|a 0185-1225
|
| 040 |
|
|
|b spa
|
| 041 |
0 |
|
|a spa
|
| 082 |
0 |
|
|a 301.05
|b U48a
|
| 110 |
1 |
|
|9 177092
|a Univesidad Nacional Autónoma de México
|
| 245 |
|
|
|a Anales de antropología
|c Univesidad Nacional Autónoma de México
|h imp
|
| 264 |
|
|
|a México
|b Univesidad Nacional Autónoma de México
|c 1989
|
| 300 |
|
|
|a 551 páginas:
|b ilu
|c 22,5 cm
|
| 362 |
|
|
|a Vol. XXVI (1989)
|
| 504 |
|
|
|a incl. ref.
|
| 650 |
|
0 |
|a Anales de antropologia
|9 177020
|
| 650 |
|
|
|a Sintaxis de zapoteco
|9 177091
|
| 852 |
|
|
|a UC-CDJBV
|
| 942 |
|
|
|c SER
|
| 999 |
|
|
|c 151460
|d 151460
|